000 00608nam a2200181Ia 4500
008 100921s9999 xx 000 0 und d
082 _b20806
_a891.463 थ 87
100 _aजोशी स्नेहल.
245 _aभोवरा.
260 _bमनमोहिनी प्रकाशन,पुणे.
_c1987
300 _a144
_bभावे पुस्तक भांडार,पुणे
365 _b40
520 _aललित-कादंबरी.
630 _aभोवरा.
650 _aललित-कादंबरी.
730 _aभोवरा.
942 _cBOOK
999 _c769919
_d769916